00478nam a2200193 a 4500001001300000003000900013005001700022008004100039020001000080082001600090100002000106245002000126260003200146300000900178500003500187505002800222650001400250700002000264nice12345678IN_TiNIC20260116011541.0050524s1317 lona grp 000 0 per  ac10000a297.35bHAM aHamdani, Ismail aAsarur Rizwiya. aLondon bNo Publisherc1317 a361p aincludes index and biblioraphy2 aHand Written Manuscript aWaqf-Iran1 aHamdani, Ismail